01984nab a2200265 i 4500003000900000005001700009008004100026040001800067072001400085072000900099100003300108100003000141100003000171100002100201100003000222245006800252500007000320520099800390650001201388650002001400650002001420650001601440773018101456856008101637BR-BrBNA20260416164705.0260416b2019 bl.qr|pooa||| 00| 0 eng | aBR-BrBNAbeng aH10b4020 b3140 aCantarelli, Edison Bisognin  aCosta, Ervandil Corrêa  aPezzutti, Raúl Vicente  aZanetti, Ronald  aFleck, Marciane Danniela  aDamage by Acromyrmex spp. to an Initial Pinus taeda L. Planting aPublicação on-line; 20 ref.; 2 tables; 1 illus.; Summary (En) a ABSTRACT The objective of this study is to evaluate the damage caused by Acromyrmex heyeri Forel, 1899 and Acromyrmex lobicornis Emery, 1887 to Pinus taeda L. seedlings during the first two months after replanting. The experiment was conducted in the company Bosques del Plata, located in the province of Corrientes, Argentina. The evaluations were carried out at seven, 14, 21, 36, 50 and 65 days after replanting the seedlings, when the number of dead, alive, non-attacked, alive deneedled, and alive deneedled with cuts/damage to the apical bud by leaf-cutting ants was quantified. The results allow us to conclude that A. heyeri and A. lobicornis are responsible for losses to the order of 20.8% of the seedlings in an initial P. taeda stand at 65 days. The damage caused to seedlings by the two leaf-cutting ant species is constant over time, in which A. lobicornis is more voracious than A. heyeri. Keywords: Acromyrmex heyeri, Acromyrmex lobicornis, leaf-cutting ants, forest pests. aFORMIGA aPRAGA DE PLANTA aACROMYRMEX MAYR aPINUS TAEDA0 02929dRio de Janeiro-RJ Instituto de Florestas - UFRRJ 1994o2025-0452tFloresta e Ambiente (Brazil)x1415-0980 / ISSN 2179-8087 0nlinegv. 26(4) p. 1-7; (2019)wBR2026001194 uhttps://www.scielo.br/j/floram/a/YVTgy8hZsFJzhR4bV9bs9vg/?format=pdf&lang=en